000 00300nam a2200133Ia 4500
100 _aFairhead harry
942 _cBK
654 _aA Power users guide
245 _aThe 386/486 PC A Power users guide
260 _bB.P.B. Pub
_aNew Delhi
_c1991
300 _a275
546 _aENGLISH
999 _c34153
_d34153